Visualizzazione normale
Vista MARC
- Lo Porto Giulia
di Personal Name
Records bibliografici associati: 1
001 - CONTROL NUMBER
- control field: 59940
003 - CONTROL NUMBER IDENTIFIER
- control field:
005 - DATE AND TIME OF LATEST TRANSACTION
- control field: 20230420145415.0
008 - FIXED-LENGTH DATA ELEMENTS
- fixed length control field: 230420|| aca||aabn | a|a d
040 ## - CATALOGING SOURCE
- Original cataloging agency:
- Transcribing agency:
100 ## - HEADING--PERSONAL NAME
- Personal name: Lo Porto Giulia
670 ## - SOURCE DATA FOUND
- Source citation: Work cat.: ()359688: Lo Porto Giulia, Agar., 2023